00787nam a22002177a 450000500170000001000130001702000260003003500130005603700130006908200110008210000170009324500660011025000120017626000330018827000900022130000270031150000180033894200250035699900190038195201690040020180601112516.0 aB-694058 a9789350142554c595.00 ab-694058 bRK Books a621.56 aRajput, R.K. a A textbook of refrigeration and air-conditioningcR.K.Rajput a3rd ed. aNew DelhibS.K.Katariac2017 a4885/109, Prakash Mahal, Opp. Delhi Medical Association, DaryaganjbNew Delhie110002 axx, 902p.bill.c25cm. aInclude Index 2ddccENh621.56kRAJ c152311d152311 001040708NFICaZLSbZLSd2018-06-01eR.K.Books/398/23.05.2018/456/18.05.2018/29.05.2018g595.00l0o621.56pB-694058r2018-06-01 00:00:00v595.00w2018-06-01yEN